| 000 | 00544cam a2200217ua 4500 | ||
|---|---|---|---|
| 001 | 8078 | ||
| 005 | 20260515114306.0 | ||
| 008 | 150108n ii |||gr||||Z||||||hin | ||
| 040 | _cMAIN | ||
| 041 | _ahin | ||
| 082 | _a891.434 | ||
| 100 |
_aMIshra, D., _eAuthor., |
||
| 245 | 1 |
_aSahityik nibandh _cBy Durgasankar Mishra |
|
| 250 | _a1st. | ||
| 260 |
_aLucknow: _bPrakashan, _c1984. |
||
| 300 | _a535p. | ||
| 653 | _aEast Indo-European & Celtic literatures | ||
| 653 | _aHindi essays | ||
| 700 |
_aChaturvedi, R. P., _eAuthor. |
||
| 942 | _cBK | ||
| 999 |
_c7189 _d7189 |
||